000 01297nam a2200313 c 4500
003 BLK
005 20220616104508.0
008 180411b bul|||||r ||||||| ||bul||
010 _aKNG00198965000
040 _aBLK
041 _aBUL
_cBUL
080 _aАмериканска литература (на САЩ)
_b821.111(73)
_x-31
_z821.111(73)-31
100 1 _aШоу, Ъруин
_eпърви автор
_9242605
700 1 _aВинарова, Бистра Младенова
_9319829
700 1 _aГенов, Юлий
_eпрев. от англ.
_9368214
139 _aШоу, Ъруин
_bШ 88
245 1 0 _aМладите лъвове
_bРоман
_cЪруин Шоу; прев. от англ. Бистра Винарова; прев. от англ. Юлий Генов.
250 _a2. изд.
257 _aUSA
260 София
_bОФ
_c1983
_fВ. Търново : Д. Найденов
300 _a559 с.
_c24 см
380 _aX
500 _aОриг. загл. The young lions / Irwin Shaw. - 1. изд. 1968 в библ. Избрани романи ; N 5. - 80 200 тир.
852 _aЦб 123704
856 4 _qpdf
_u
856 4 _qpdf
_u
942 _cKNG
_n0
_02
944 _aCR
_c05.01.2017
_kРадостина_Карадакова
944 _aED
_c05.01.2017
_kРадостина_Карадакова
999 _c189915
_d189915